00614nam a2200169Ia 4500003000900000005001700009008004100026040002800067041000800095082001300103100003100116245006700147260006600214300001800280490010800298600003800406DO-SdBJH20180502033807.0180411s9999 dr 000 0 spa d aDO-SdBJHbspacDO-SdBJH aspa aRD 923.21 aGalván Suzaña, William10aMinerva Mirabal : historia de una heroína / William Galván aSanto Domingo : Universidad Autónoma de Santo Domingo, 1982 a357 páginas aPublicaciones de la Universidad Autónoma de Santo Domingo ; vol. 316. Colección historia y sociedad1 aMirabal Reyes, Minerva, 1926-1960